Sinh lí học thần kinh cao cấp và giác quan

Nội dung sách giới thiệu các học thuyết về hoạt động thần kinh cấp cao, các nguyên tắc và học thuyết cơ bản về hoạt động thần kinh cấp cao.

Uloženo v:
Podrobná bibliografie
Hlavní autor: Mai, Văn Hưng
Médium: Kniha
Jazyk:Undetermined
Vydáno: Hà Nội Nxb. Đại học Sư phạm 2013
Témata:
Tagy: Přidat tag
Žádné tagy, Buďte první, kdo otaguje tento záznam!
Thư viện lưu trữ: Trung tâm Học liệu Trường Đại học Cần Thơ
LEADER 00877nam a2200205Ia 4500
001 CTU_150815
008 210402s9999 xx 000 0 und d
020 |c 79000 
082 |a 571.4 
082 |b H556 
100 |a Mai, Văn Hưng 
245 0 |a Sinh lí học thần kinh cao cấp và giác quan 
245 0 |c Mai Văn Hưng (Chủ biên), Trần Thị Loan 
260 |a Hà Nội 
260 |b Nxb. Đại học Sư phạm 
260 |c 2013 
520 |a Nội dung sách giới thiệu các học thuyết về hoạt động thần kinh cấp cao, các nguyên tắc và học thuyết cơ bản về hoạt động thần kinh cấp cao. 
650 |a Biophysics,Sinh lý học,Hệ thống thần kinh,Nervous systems 
904 |i Tuyến 
980 |a Trung tâm Học liệu Trường Đại học Cần Thơ